Municipios de Catalunya en la guerra civil - Estadísticas

Estadísticas generales
  • Esta prueba ha sido intentada 194 veces
  • La puntuación promedio es 8 de 12
Estadísticas de respuestas
Nombre Laico Con Santo % Correcto
Guíxols Sant Feliu de Guíxols
90%
Gramenet de Besòs Santa Coloma de Gramenet
89%
el Plà de Besòs Sant Adrià de Besòs
83%
la Ràpita dels Alfacs Sant Carles de la Ràpita
82%
Sesrovires Sant Esteve Sesrovires
75%
Vilaboi Sant Boi de Llobregat
74%
Llavaneres Sant Andreu de Llavaneres
70%
els Horts de Llobregat Sant Vicenç dels Horts
63%
Ribes del Penedès Sant Pere de Ribes
53%
el Pi de Llobregat Sant Joan Despí
50%
Pins del Vallès Sant Cugat del Vallès
48%
Aigüesbones de Montbui Santa Margarida de Montbui
25%
No se encontraron pruebas coincidentes
Distribución de puntuación
Porcentaje de gente con cada puntuación
Porcentaje por número respondido
Historial de tus puntuaciones
No has intentado esta prueba.